Focus sur: Boron - Tolkien - Statistiques

Statistiques générales
  • Ce quiz a été pris 3 fois
  • Le résultat moyen est 5 sur 11
Statistiques - réponses
Informations recherchées Réponses % Correct
Age durant lequel il vécut Premier
100%
Père Bëor "le Jeune"
67%
Espèce Homme
67%
Première mention Le Silmarillion
67%
Couleur des cheveux Noir
67%
Maison (lignée) Peuple de {Bëor}
67%
Profession et titre Seigneur de la maison de Bëor
67%
Fils Boromir
33%
Frère Baranor
0%
Belagor
0%
Contrée Estolad
0%
Aucun quiz correspondant
Distribution des résultats
% des personnes avec chaque résultat
Percentile par nombre de réponses
Votre historique - résultats
Vous n’avez pas pris ce quiz